La disputa por la palabra: comunicación popular alternativa

Պահպանված է:
Մատենագիտական մանրամասներ
Համատեղ հեղինակներ: ECO (Հեղինակ), Educación y Comunicaciones (Հեղինակ)
Ձևաչափ: Գիրք
Լեզու:իսպաներեն
Հրապարակվել է: Santiago ECO 2012
Շարք:Colección 30 Años, 6
Խորագրեր:
Ցուցիչներ: Ավելացրեք ցուցիչ
Չկան պիտակներ, Եղեք առաջինը, ով նշում է այս գրառումը!

MARC

LEADER 00000cam a2200000 a 4500
001 UCF3501
003 CL-VaPUC
008 121018e20120600CL |||||||||||||||||spa|d
020 |a 9789569182051 
082 0 4 |a 302.23  |b ECO  |2 21 
110 2 |a ECO  |e author  |9 565332 
710 2 |a Educación y Comunicaciones  |e author  |9 565333 
245 1 3 |a La disputa por la palabra: comunicación popular alternativa 
300 |a 178 p 
942 |c BK 
945 |d 20121018 00:00:00  |a dcastane 
260 |a Santiago  |b ECO  |c 2012 
650 0 |a Investigación social   |9 307814 
650 0 |a Sociología   |9 255410 
650 0 |a Comunicación social  |9 334226 
650 7 |a COMUNICACIONES  |2 CL-VaPUC  |9 260778 
583 |a last modification  |c 20121018 14:27:00  |k Rodrigo Vera 
490 0 |a Colección 30 Años, 6 
999 |c 349804  |d 349802 
952 |0 0  |1 0  |4 0  |6 302_230000000000000_ECO_2012  |7 0  |8 A  |9 452595  |a BIBHIS  |b BIBHIS  |d 2019-11-22  |i 4915682  |o 302.23 ECO 2012  |p 4915682  |r 2025-01-20  |w 2019-11-22  |y BK  |k HIS